Biology of vitamin E (Record no. 78134)
[ view plain ]
| 000 -LEADER | |
|---|---|
| fixed length control field | 01546nam a2200373 a 4500 |
| 082 04 - DEWEY DECIMAL CLASSIFICATION NUMBER | |
| Classification number | 574.19/26 |
| 245 10 - TITLE STATEMENT | |
| Title | Biology of vitamin E |
| 260 ## - PUBLICATION, DISTRIBUTION, ETC. (IMPRINT) | |
| Place of publication | London : |
| Name of publisher | Pitman ; |
| Place of publication | Newark, N.J. : |
| Name of publisher | Distributed in North America by CIBA Pharmaceutical Co. (Medical Education Division), |
| Year of publication | 1983. |
| 300 ## - PHYSICAL DESCRIPTION | |
| Number of Pages | ix, 260 p. : |
| Other physical details | ill. |
| 490 1# - SERIES STATEMENT | |
| Series statement | Ciba Foundation symposium ; |
| 500 ## - GENERAL NOTE | |
| General note | "Editors: Ruth Porter (organizer) and Julie Whelan"--P. v. |
| 650 #0 - SUBJECT ADDED ENTRY--TOPICAL TERM | |
| Topical Term | Vitamin E |
| Topical Term | Vitamin E |
| 700 1# - ADDED ENTRY--PERSONAL NAME | |
| Personal name | Porter, Ruth. |
| Personal name | Whelan, Julie. |
| 856 40 - ELECTRONIC LOCATION AND ACCESS | |
| Uniform Resource Identifier | http://site.ebrary.com/lib/rucke/Doc?id=10575474 |
No items available.
